00414nam a2200157Ia 45000010006000000050017000060080041000230410008000640820018000721000027000902450086001172600009002033000028002126500008002406540008002482257720260414150840.0260414t2013||||xx |||||||||||||| ||spa|| aESP a621.382bS737 aSequeira, AnthonyeAUT 0aInterconnecting Cisco Network Devices, part 1 (ICND1) :bfoudation learning guide c2013 a536 páginas :c24 cm. aTCA aCET